000
00323nam a2200133Ia 4500
100
_a
American Society For Metals
942
_c
RB
654
_a
Source book on forming of steel
245
_a
Source book on Forming of Steel Sheet
260
_b
Astme
_a
Ohio
_c
1976
082
_a
672.823
300
_a
391
546
_a
ENGLISH
999
_c
25554
_d
25554